02606nkc a2200373za 450000100060000000300040000600500170001000700070002700800410003404000240007510000410009924500430014026000240018330001000020750002580030750001920056550000650075750001340082250001690095650400520112550500420117751001510121951002100137056101310158061000580171165100260176965500400179570000600183585200120189585601500190794200250205795201330208299900170221584504OSt20260320101042.0kh boc250410s19101911sp ||||| ||||||0| i|spa d aM-RABAbspacM-RABA1 aElorza, Lorenzod(1861-1931)911106810aLandab: Puerta de la iglesiac/ L. E. c[ca. 1910 – 1911] a1 fotografíab: gelatina de platac; imagen 12 x 16,5 cmc; soporte secundario 21,5 x 26,5 cm aVista de la portada de la antigua iglesia parroquial de San Bartolomé en Landa, que fue desmontada antes de la inundación del pueblo para convertirse en embalse, compuesta por un arco apuntado con baquetones sin decorar y apeos levemente decorados.  aFotografía montada sobre soporte secundario de cartulina azul enmarcada con orla en relieve. Título y numeración manuscrita que hace referencia a la posición en la serie “99”. aSello con monograma del fotógrafo en tinta roja “L.E.” aFechas tomadas de la ejecución del positivo de las fotografías, incluido el soporte secundario. (Soto Madrazo, Javier. 2008). aForma parte de un conjunto de 167 fotografías empleadas por Federico Baráibar Zumárraga para la elaboración del Inventario del Románico en Álava (1911). aBaraibar, F.: "Rincones artísticos", M. 1914. aLanda.- Puerta de la Iglesia. / L. E. aDescripción tomada de: Soto Madrazo, Javier (2008). Federico Baraibar y el Inventario del Románico en Álava: una caja con 167 fotografías. aEsta colección fue utilizada posteriormente por Cristóbal de Castro para la elaboración y publicación del "Catálogo Monumental de España: provincia de Álava", Madrid, S. de Rivadeneira, 1915. aDonadas junto con la memoria manuscrita a la Academia por el mismo Baraibar (Sesión 12 de febrero de 1912, Archivo: 4-32-1).20aIglesia parroquial de San Bartolomé (Landa)9111629 7aÁlava2embne975661 0aFotografías de monumentos91115801 aBaráibar y Zumárraga, Federico d(1851-1918)912926 jFot-208 3Fot-208uhttps://archivoybiblioteca.realacademiabellasartessanfernando.com/cgi-bin/koha/opac-retrieve-file.pl?id=213cb7269098b3d072c7c5b0f60a8a0f 2ddccFOTOGRAFÍAn0 00102ddc40708FOTOGRAFIAaRABASFbRABASFcDP2d2025-04-21l0oFot-208p1095382r2025-04-21 11:47:04w2025-04-21yFOTOGRAFÍA c84504d84504